000 01098nam a2200277 a 4500
001 BRCA_1161
005 20190320203317.0
008 880421s1986 mx-a---##b---s001-0#eng-#
020 _a9688630292
040 _aDLC
_cDLC
_dDLC
041 _aengfrespa
050 4 _aF1391.P8
_b.L98 1986
100 1 _aLuyando Lares, Adalberto
_d1907-
_93839
245 1 0 _aLa Catedral de Puebla = The Cathedral of Puebla = La Cathédrale de Puebla
_ctestimonios gráficos Adalberto Luyando Lares ; sinópsis histórica Antonio Juárez Burgos ; traducción Gertrudis Payás Puigarnau, María Cristina Martínez Montenegro.
260 _aPuebla, México
_bUniversidad Autónoma de Puebla
_c1986
300 _a125 p.
_bil.
_c36 cm.
500 _aIncluye índice onomástico
504 _aBibliografía: p. 124
546 _aTexto en : inglés, francés y español
610 2 4 _aCatedral de Puebla
_93840
651 4 _aPuebla (México)
_xEdificios, estructuras, etc.
_93182
700 1 _aJuárez Burgos, Antonio
_9326
740 0 _aThe Cathedral of Puebla
740 0 _aLa Cathédrale de Puebla
942 _2lcc
_cB
999 _c1038
_d1038